000 00510nam a2200157 4500
005 20150121163213.0
008 150121b xxu||||| |||| 00| 0 eng d
022 _a2348-4489
040 _adpl
245 _aStudies in People's history
260 _aNew Delhi
_bSage Publications
_c2014
300 _av.
_c24 cm
310 _aHalf Yearly
270 _aB1/1-1,Mohan Cooperative Industrial Area,Mathura Road,
_bNew Delhi
_dIndia
_e110044
_k011-40539222-2349563
_msage@ivsnl.com
_l91-11-40539234
942 _2ddc
_cEN
_s1
999 _c90969
_d90969